[Event "Bucharest Grand Prix"]
[Site "Bucharest"]
[Date "2023.04.29"]
[Round "1"]
[White "Szemeredi, Cristian"]
[Black "Petkov, Momchil"]
[Result "0-1"]
[WhiteElo "1625"]
[BlackElo "2515"]
[PlyCount "74"]
[EventDate "2023.04.29"]
[EventType "swiss (rapid)"]
[EventRounds "10"]
[EventCountry "ROU"]
[SourceTitle "CBM 213 Extra"]
[Source "ChessBase"]
[SourceDate "2023.05.31"]
[SourceVersion "1"]
[SourceVersionDate "2023.05.31"]
[SourceQuality "1"]

1. b3 e5 2. Bb2 Nc6 3. e3 f6 4. Qh5+ g6 5. Qe2 d5 6. d4 e4 7. a3 f5 8. Nh3 Nf6 9. c4 Ne7 10. Nc3 c6 11. Qc2 Bg7 12. Be2 0-0 13. Nf4 g5 14. Nh3 h6 15. g3 f4 16. Ng1 fxe3 17. fxe3 Ng4 18. Bxg4 Bxg4 19. Nge2 Qd7 20. 0-0-0 Rf2 21. h3 Bxh3 22. cxd5 cxd5 23. Kb1 Rc8 24. Qd2 Bg4 25. Rde1 Nf5 26. Rhg1 a5 27. a4 Bf8 28. Ka2 Bb4 29. Kb1 Bxe2 30. Rxe2 Rxe2 31. Qxe2 Bxc3 32. g4 Nh4 33. Qh2 Bxb2 34. Qxb2 Nf3 35. Rh1 Qxg4 36. Rxh6 Qg1+ 37. Ka2 Qd1 0-1